00693nam a2200205Ia 4500008004100000020001500041082001800056100001600074245005700090250000800147260002700155300001200182500002400194650001500218700001800233942000700251952010700258952010700365999001500472230524s9999 xx 000 0 und d a0748408789 a621.3812bLEN aTorkel Glad 0aControl Theory (Multivariable and Nonlinear Methods) a1ST aNEWYORKbThomsonc2002 aXIV;467 aQuantity Number: 2 aElectrical aLennart Ljung cBK 00104070aTATCLbTATCLcGENd2023-05-24l0o621.3812 LENp7513r2023-05-24w2023-05-24yBKzPCEC4303 00104070aTATCLbTATCLcGENd2023-05-24l0o621.3812 LENp7514r2023-05-24w2023-05-24yBKzPCEC4303 c6609d6609